000 00675nam a2200229 a 4500
005 20230223160821.0
008 230223t2021 nju||||| |||| 00| 0 eng d
020 _a9781119787457
040 _aAKMAL
082 _a658.4092 LAR
090 _a658.4092
_bLAR
100 _aLarry McEvoy, MD
_99527
245 _aEpidemic leadership :
_b how to lead infectiously in the era of big problems /
_cLarry McEvoy
260 _aNew Jersey :
_bJohn Wiley & Sons,
_c2021
300 _axviii, 238p. :
_c23cm
500 _aIncludes index
599 _aDALAM PROSES
650 _aLeadership
650 _aOrganizational charge
_99528
650 _aEpidemics
_99529
942 _2ddc
_cBOOK
999 _c4976
_d4976